[Event "Olympiad-41"]
[Site "Tromsoe"]
[Date "2014.08.04"]
[Round "3.4"]
[White "Sadler, Matthew D"]
[Black "Baramidze, David"]
[Result "1-0"]
[WhiteElo "2653"]
[BlackElo "2612"]
[Annotator "Krasenkow,Michal"]
[PlyCount "109"]
[EventDate "2014.08.02"]
[EventType "team-swiss"]
[EventRounds "11"]
[EventCountry "NOR"]
[SourceTitle "CBM 162"]
[Source "ChessBase"]
[SourceDate "2014.09.17"]
[SourceVersion "1"]
[SourceVersionDate "2014.09.17"]
[SourceQuality "1"]
[WhiteTeam "England"]
[BlackTeam "Germany"]
[WhiteTeamCountry "ENG"]
[BlackTeamCountry "GER"]

1. d4 d5 2. c4 e6 3. Nc3 Nf6 4. cxd5 exd5 5. Bg5 c6 6. Qc2 Be7 7. e3 Nbd7 8. Bd3 Nh5 9. Bxe7 Qxe7 10. O-O-O Nb6 11. h3 g6 12. Nf3 Ng7 13. g4 Bd7 {Leaving the e6-square for the g7-knight.} (13... Be6 {is a more common way to develop the bishop in this typical position.}) ({RR} 13... Be6 14. Ne2 O-O-O 15. Kb1 Kb8 16. Rc1 Ne8 17. Nf4 Nd6 18. a4 Ndc4 19. a5 Qb4 20. Qc3 Qxa5 21. Qxa5 Nxa5 22. Ng5 Rdf8 23. Bxg6 Nb3 24. Nfxe6 fxe6 25. Nxh7 Rfg8 26. Bd3 Nxc1 27. Kxc1 Rg7 28. Nf6 {Nakamura,H (2736)-Rapport,R (2763) Berlin 2022 1-0 (71)}) ({RR} 13... Be6 14. Kb1 O-O-O 15. Na4 Nxa4 16. Qxa4 Kb8 17. Rc1 Ne8 18. Rc3 Nd6 19. Rhc1 Nc4 20. Qd1 h5 21. Bxc4 dxc4 22. Ne5 hxg4 23. hxg4 c5 24. Nxc4 cxd4 25. exd4 Qf6 26. Rd3 Bxc4 27. Rxc4 Qxf2 28. a3 {Brunello,S (2582)-Baramidze,D (2610) Ruzomberok 2014 ½-½ (50)}) 14. Kb1 (14. Nd2 $6 O-O-O 15. Nb3 Ne6 16. a3 h5 17. Na5 Kb8 18. b4 hxg4 19. hxg4 Qg5 $17 {0-1 (35) Popovics,A (2434)-Pap,G (2383) Budapest 2004}) (14. Ne5 O-O-O 15. Na4 Nxa4 16. Qxa4 Kb8 17. Kb1 Be8 18. h4 {1/2 (18) Sokolov,I (2580)-Andersson,U (2620) Haninge 1989}) 14... O-O-O 15. Rc1 (15. e4 dxe4 16. Bxe4 f5 17. gxf5 Bxf5 18. Rhe1 Qc7 19. Ng5 Bxe4 20. Rxe4 Nd5 21. Rde1 Nxc3+ 22. Qxc3 Rhe8 $11 {1/2 (59) Hermlin,A (2355)-Lipsanen,E (2240) Tampere 1993}) (15. Rdg1 Kb8 16. h4 h5 17. g5 Bf5 $11 {1/2 (80) Efanov,N (2398)-Khruschiov,A (2499) Cheliabinsk 2008}) (15. Ne5 Kb8 $1 16. Rc1 Bc8 17. Na4 f6 $1 18. Nf3 Nxa4 19. Qxa4 {1-0 (27) Salov,V (2575)-Andersson,U (2600) Szirak 1987 CBM 003 [Ftacnik,L]} g5 $1 $132 {[%cal Yh7h5] S.Makarichev}) (15. Na4 Nxa4 16. Qxa4 Kb8 17. Rc1 Rc8 (17... Rhe8 18. Qa5 Ne6 19. Rc3 Bc8 20. Ra3 b6 21. Qa4 $16 {1-0 (41) Rapport,R (2444)-Grabarczyk,M (2475) Marianske Lazne 2010}) 18. Rc3 Rc7 19. Ne5 Be8 20. Ra3 b6 21. Rc1 c5 22. Bb5 Bxb5 23. Qxb5 Rhc8 24. Rac3 Ne6 $11 {1/2 (29) Speelman,J (2630)-Andersson,U (2625) Lyon 1991}) (15. Qb3 {[%cal Ya2a4] is probably the most appropriate plan:} Kb8 (15... Be6 16. Rc1 Kb8 17. Na4 Nxa4 18. Qxa4 Rd6 19. Rc3 Rc8 20. Rhc1 f6 21. Ra3 b6 22. g5 Rc7 23. gxf6 Qxf6 24. Ne5 $14 {0-1 (75) Epishin,V (2630)-Ivanchuk,V (2720) Tilburg 1992 CBM 032 [ChessBase]}) (15... Ne8 16. a4 Be6 17. a5 Nc4 18. Qa4 Qf6 19. Be2 Nc7 20. Rc1 h5 21. g5 Qf5+ 22. Ka1 $14 {1/2 (32) Ward,C (2485)-Parker,J (2510) England 1997}) 16. a4 Be6 17. Ne5 (17. a5 $5 Nc4 18. a6 $14) 17... f6 (17... Rc8 $142) 18. Nxc6+ bxc6 19. a5 c5 20. axb6 c4 21. bxa7+ Ka8 22. Qb6 Rd6 {0-1 (46) Peralta,F (2591)-Kogan,A (2572) Catalunya 2012} 23. Qb4 cxd3 24. Na4 $44) 15... Kb8 16. a4 $146 {Without the preparatory c2-b3.} (16. Ka1 Ne8 17. Ne2 Nd6 18. Ng3 Rhe8 19. g5 Be6 20. h4 Nd7 21. Nd2 Rc8 22. Nb3 Bg4 23. Be2 Bxe2 24. Qxe2 Ne4 {1/2 (24) Wojtaszek,R (2701)-Landa,K (2644) Haguenau 2013}) ({RR} 16. Ka1 Ne8 17. Ne2 Nd6 18. Ng3 Rhe8 19. g5 Be6 20. h4 Nd7 21. Nd2 Rc8 22. Nb3 Bg4 23. Be2 Bxe2 24. Qxe2 Ne4 {½-½ (24) Wojtaszek,R (2701)-Landa,K (2644) Haguenau 2013}) ({RR} 16. Na4 Nxa4 17. Qxa4 Ne8 18. Ne5 f6 19. Nxd7+ Qxd7 20. Rc3 Nd6 21. Ra3 Nc8 22. Rc1 h5 23. f3 hxg4 24. hxg4 f5 25. gxf5 gxf5 26. Qc2 Rdf8 27. Rb3 Ka8 28. Rc3 Nd6 29. a4 Rh3 30. a5 a6 {Konduk,B (2020)-Ozturk,E (2111) Ankara TUR 2025 1-0 (45)}) 16... Nc8 $6 {A clear concession.} (16... Qb4 $5 {is principled; the position after} 17. Ne5 {[%cal Yd3e2,Ye5d3] needs detailed analysis.}) 17. a5 Nd6 (17... a6 {is probably more cautious but after} 18. Qb3 Ka8 19. Na4 {White keeps the initiative.}) 18. a6 b6 19. e4 (19. Ne5 $142 $1 Rc8 (19... Ne6 20. Na2 Rc8 21. Nb4 Nd8 22. e4) 20. e4 (20. Na2 $143 c5) 20... dxe4 21. Nxe4 Be8 22. Qc3 $36) 19... dxe4 20. Nxe4 f5 $1 21. Nxd6 {This exchange makes Black's life a bit easier.} (21. Ng3 $5 fxg4 22. Ne5 Rc8 23. hxg4) 21... Qxd6 22. Ne5 Rhf8 23. Qc4 {White could have arranged his pieces in a better way.} (23. Bc4 $1 {[%cal Re5f7]} Ne6 (23... fxg4 24. hxg4) (23... Qxd4 24. Rhe1 {[%cal Rc1d1]}) 24. Bxe6 Qxe6 25. Rhe1 $14) 23... Rc8 $6 {And Black fails to find the best arrangement, too.} (23... Be8 $1 24. Nxc6+ Qxc6 25. Qxc6 Bxc6 26. Rxc6 Rxd4 {should be a draw.}) 24. Rhe1 Be8 25. Rc2 (25. g5 $5) 25... fxg4 26. hxg4 Rf4 $2 (26... b5 27. Qb3 Qxd4 $2 28. Bxb5 $1 cxb5 29. Rxc8+ Kxc8 30. Qc2+ Kb8 31. Rc1 Qd8 32. Qe4 Qb6 33. Nc6+ Bxc6 34. Rxc6 Qd8 35. Qe5+ Ka8 36. Rd6 Qc8 37. Qd5+ Kb8 38. Rc6 Qd8 39. Qxb5+ $18) (26... Rc7 $142 $14) 27. Be4 $2 {After this move the game becomes unclear. Meanwhile, White could have won material:} (27. Qg8 $1 Qc7 (27... Qf8 28. Qxh7) 28. Qxh7 Rxd4 29. Bxg6) 27... Ne6 28. Rd2 Ng5 29. Bh1 h5 $6 (29... Nf7 $1 $13) 30. Qc3 hxg4 31. Qg3 Rf6 $6 (31... Nh3 32. f3 $1 Rf6 33. fxg4 Nf4 34. g5 $16) 32. Qxg4 $6 (32. Rde2 $1 $18 {[%cal Re5g4,Rg3g4,Ge2e8]}) 32... Ne6 33. Rc1 $2 {This passive move gives away White's advantage once again.} (33. d5 $1 {[%cal Re5c4]} Nc7 (33... cxd5 34. Rxd5 Qc7 35. Rd2 {[%cal Rg4e4,Rg4g2]}) 34. Nc4 Qb4 35. Qd4 Rf8 36. dxc6 $16) 33... g5 34. Rc4 Rf4 35. Qg3 Rc7 36. Qc3 b5 37. Nxc6+ Bxc6 38. Rxc6 Rxc6 39. Bxc6 Rxd4 40. Bb7 Qd7 41. Rc2 Rc4 42. Qe5+ Nc7 43. Rxc4 bxc4 {[%mdl 4096]} 44. Kc1 Qe6 $6 (44... Qe8 $1 {was a safer way for Black to keep his ground:} 45. Qxe8+ Nxe8 46. Kd2 Nd6 47. Bd5 (47. Kc3 Nxb7 48. axb7 Kxb7 49. Kxc4 Kc6 $11) 47... Kc7 48. Kc3 Kb6 49. Kd4 Kb5 50. Ke5 Nc8 51. Kf6 Nb6 $132 {After the text move White wins a pawn.}) 45. Qxe6 Nxe6 46. Bd5 Nc5 47. Bxc4 g4 $2 {Black trades the kingside pawns but his knight gets trapped.} (47... Ne4 $142 48. f3 Nf6 (48... Nd6 $143 49. Bd5) 49. Kd2 Kc7 {- White can hardly win here.}) 48. Kd2 {[%cal Rd2e3,Re3f4]} g3 49. fxg3 Ne4+ 50. Ke3 Nxg3 51. Kf4 Nh5+ 52. Kg5 Ng3 (52... Ng7 53. Bf7 {[%cal Rg5g6]}) 53. Bd3 Nh1 54. Kf4 {[%cal Rf4f3]} Nf2 55. Bc2 {[%cal Rf4g3]} (55. Bc2 Nh3+ 56. Kg4 Ng1 57. Bd3 $18 {[%cal Yg4g3,Yg3g2]}) 1-0

[Event "Capablanca Memorial Elite 40th"]
[Site "Havana"]
[Date "2005.05.12"]
[Round "7"]
[White "Ivanchuk, Vassily"]
[Black "Bruzon Batista, Lazaro"]
[Result "1/2-1/2"]
[WhiteElo "2739"]
[BlackElo "2669"]
[Annotator "Marin,Mihail"]
[PlyCount "87"]
[EventDate "2005.05.06"]
[EventType "tourn"]
[EventRounds "14"]
[EventCountry "CUB"]
[EventCategory "15"]
[SourceTitle "CBM 107"]
[Source "ChessBase"]
[SourceDate "2005.08.01"]
[SourceVersion "1"]
[SourceVersionDate "2005.08.01"]
[SourceQuality "1"]

1. d4 d5 2. c4 e6 3. Nc3 Be7 4. Nf3 Nf6 5. Bg5 O-O 6. Qc2 Nbd7 7. cxd5 exd5 8. e3 Re8 9. Bd3 Nf8 10. O-O c6 11. Rab1 a5 12. a3 Bd6 {½-½ Nakamura,H (2657)-Iordachescu,V (2609) Sigeman & Co 13th 2005 (5) For more details about this variation, see the comments to the game pblished in the same issue of CBM,} 13. Rfe1 $5 {This half-waiting move cleares the f1-square for the knight in order to overdefend the h2-square if necessary and adds more force to an eventual advance of the e-pawn, once the black bishop has left the h4-d8 diagonal.} ({RR} 13. Rbe1 Bg4 14. Nd2 Bh5 15. f4 h6 16. Bh4 Bg6 17. f5 Bh7 18. h3 N8d7 19. Nf3 b5 20. e4 b4 21. e5 bxc3 22. exd6 Rxe1 23. Rxe1 cxb2 24. Qxb2 Rb8 25. Qc3 Qb6 26. Bxf6 Nxf6 27. Rb1 Qxb1+ {Kramnik,V (2780)-Kasparov,G (2815) Moscow 1998 1-0 (51)}) ({RR} 13. h3 h6 14. Bh4 Be7 15. Ne5 Ne4 16. Bxe7 Qxe7 17. Nxe4 dxe4 18. Bc4 Be6 19. Bxe6 Qxe6 20. Rbc1 Nd7 21. Nxd7 Qxd7 22. Qc5 Qe7 23. Rfd1 Kf8 24. Qf5 g6 25. Qf4 Qg5 26. Qxg5 hxg5 27. d5 Red8 {Littlewood,P (2317)-Thorsteinsson,T (2220) Durres ALB 2026 ½-½ (42)}) 13... Bg4 14. Nd2 (14. Ne5 Bxe5 15. dxe5 Rxe5 16. f4 {( f5, ץg4)} Rxg5 $1 17. fxg5 N6d7 18. Qf2 Ne5 19. Bf5 Qxg5 $44 {½-½ Deze,A (2405)-Petrosian,A (2460)/Novi Sad 1983/MCD (35)}) 14... Bh5 (14... Ng6 $6 15. h3 $6 (15. e4 $5 $14 dxe4 $6 16. Ndxe4 Be7 17. Nxf6+ Bxf6 18. Rxe8+ Qxe8 19. Bxf6 $16) 15... Bd7 16. f4 h6 17. Bxf6 Qxf6 18. Nf3 Nh4 19. Ne5 Bf5 20. Na4 Bxd3 21. Qxd3 Qd8 22. Rbd1 Bxe5 23. dxe5 f6 {0-1 Balashov,Y (2534)-Belozerov,A (2487)/Smolensk 2000/CBM 077 (62)}) (14... Bd7 15. Nf1 $1 (15. Bh4 $6 Bxh2+ 16. Kxh2 Ng4+ 17. Kg3 g5 18. Bf5 Nh6 $1 19. Bxd7 gxh4+ 20. Kh2 Qxd7 $15) (15. h3 $6 {קh3}) 15... Ng6 16. b4 axb4 17. axb4 h6 18. Bxf6 Qxf6 19. b5 $14 {1-0 Gyimesi,Z (2605)-Pinter,J (2560)/Balatonlelle 2002/EXT 2004 (71)}) 15. Bh4 $146 (15. Nf1 Bg6 16. Na4 (16. b4 h6 $5 (16... axb4 17. axb4 h6 18. Bxf6 Qxf6 19. b5 Bxd3 20. Qxd3 Ng6 {[%cal Yg6e7,Ye7f5,Yf6f5]} 21. bxc6 $14 {½-½ Alterman,B (2590)-Gabriel,C (2565)/Bad Homburg 1996/CBM 055/[Tsesarsky]}) 17. Bxf6 Qxf6 {קa3} 18. bxa5 $140 (18. b5 $2 {is impossible in view of} Bxa3) 18... Qe7 {...xa5} 19. Bxg6 Nxg6 20. Qb3 (20. Qa4 b5 $1 $15) 20... Reb8 $13) 16... Bxd3 17. Qxd3 h6 18. Bh4 Ng6 19. Bxf6 Qxf6 20. g3 h5 21. Kg2 h4 22. f4 Ne7 23. g4 g5 24. f5 Kg7 25. Nc3 (25. h3 Ng8 26. Nc3 Qd8 {f6}) 25... h3+ $5 26. Kh1 Ng8 27. e4 dxe4 28. Nxe4 Qd8 29. Qxh3 Bf4 30. Rbd1 Qd5 31. Qg2 Rad8 32. Nfg3 Bxg3 33. hxg3 Nf6 $15 {0-1 Tomaszewski,R (2435)-Boensch,U (2530)/Polanica Zdroj 1987/CBM 005 (46)}) ({RR} 15. Nf1 Bg6 16. b4 axb4 17. axb4 Bxd3 18. Qxd3 h6 {½-½ (18) Bezold,M (2495)-Gabriel,C (2565) Bad Homburg 1996}) ({RR} 15. Nf1 Bg6 16. Bxg6 Nxg6 17. b4 axb4 18. axb4 h6 19. Bxf6 Qxf6 20. b5 h5 21. bxc6 bxc6 22. Rb6 Rec8 23. Rc1 Ne7 24. Qe2 h4 25. Qf3 Qxf3 26. gxf3 g5 27. Nd2 Rcb8 28. Rxb8+ Rxb8 29. Na4 Rb4 {Tworuszka,M (2237)-Ciesla,A (2146) Wisla 2000 0-1 (82)}) 15... Bg6 16. Nf3 Bxd3 17. Qxd3 N8d7 $1 {Over-defending the f6-knight in view of White's obvious threat to open the centre.} 18. e4 {Black will have little problems neutralising White's initiative after this thematic pawn break, but it is hard to recommend anything more effective for White.} dxe4 19. Nxe4 Be7 20. Nxf6+ Bxf6 21. Rxe8+ Qxe8 22. Re1 Qd8 23. Bxf6 Nxf6 24. g3 g6 25. h4 Kg7 26. Re5 h5 27. Qe2 Nd5 $11 {The control of the only open file ensures White reasonable compensation for Black's better pawn structure and stability in the centre, but not more than that.} 28. Ng5 Qd7 29. Ne4 b6 30. Nc3 Nxc3 31. bxc3 b5 32. Qe4 Rd8 33. Kg2 b4 34. Rxa5 bxc3 35. Rc5 Qxd4 36. Qxd4+ Rxd4 37. Rxc3 Ra4 38. Kf1 c5 39. Ke2 Kf6 40. Re3 Kf5 41. Kd2 f6 42. Rf3+ Ke5 43. Re3+ Kf5 44. Rf3+ 1/2-1/2

[Event "Bucharest Kings 7th"]
[Site "Bucharest"]
[Date "2013.10.07"]
[Round "1"]
[White "Radjabov, Teimour"]
[Black "Ponomariov, Ruslan"]
[Result "1/2-1/2"]
[WhiteElo "2723"]
[BlackElo "2751"]
[Annotator "Rogozenco,Dorian"]
[PlyCount "61"]
[EventDate "2013.10.07"]
[EventType "tourn"]
[EventRounds "10"]
[EventCountry "ROU"]
[EventCategory "20"]
[SourceTitle "CBM 157"]
[Source "ChessBase"]
[SourceDate "2013.11.12"]
[SourceVersion "1"]
[SourceVersionDate "2013.11.12"]
[SourceQuality "1"]

{This first round of the Kings Tournament started with a quiet draw between Teimour Radjabov and Ruslan Ponomariov. It is very difficult to get an advantage against classical openings, concluded Radjabov after the game. Indeed, Black didn't have any problems to equalise and on move 31 the draw was agreed. The encounter Nisipeanu-Caruana was much more exciting. The Romanian grandmaster surprised his opponent in the opening with the hyper-aggressive move 5.h4 against the Gruenfeld, but something went wrong and Black didn't have any opening problems, to say the least. Soon Caruana got clearly better prospects, but allowed White a nice combination, which should have saved Nisipeanu. With little time on the clock the Romanian GM missed a forced draw though. Later in the worse position on moves 39 and 40 White made further mistakes, allowing Caruana to achieve a decisive advantage, which the Italian converted into a full point on move 57.	} 1. d4 d5 2. c4 c6 3. Nf3 Nf6 4. Nc3 e6 5. Bg5 Nbd7 {An invitation to play the Cambridge-Springs Variation: 6.e3 a5.} 6. cxd5 {Radjabov goes for a safer line: the Exchange Variation of the Queen's Gambit.} exd5 7. e3 Be7 8. Qc2 Nh5 {This move has been popular lately and it was used also by Ponomariov earlier in a rapid and a blitz game. Black exchanges the dark-squared bishops, which strategically seems to favour White, but on the other hand it frees more squares for the black pieces as well.} 9. Bxe7 Qxe7 10. Be2 {Usually White is trying to fight for the advantage in this system by castling long. However, as mentioned by Radjabov after the game, the latest games showed that White is also taking some risks with his king on the queenside.} (10. O-O-O Nb6 11. h3 Be6 12. Bd3 O-O-O 13. Nd2 Kb8 14. Nb3 g6 15. g4 Ng7 16. f3 h5 17. Kb1 Bc8 18. Qf2 Ne6 19. Ne2 Qd6 20. Ng3 hxg4 21. hxg4 Qb4 22. Qd2 Qd6 23. Qg2 Qb4 24. Qd2 Qd6 25. Qg2 Qb4 {½-½ Jakovenko,D (2713)-Ponomariov,R (2743) Khanty-Mansiysk (rapid) 2013}) 10... g6 11. O-O O-O 12. Rfb1 $146 (12. Rab1 Nb6 13. Bd3 Ng7 14. Rfe1 Bf5 15. h3 Rfe8 16. Ne5 f6 17. Nf3 Bxd3 18. Qxd3 Nf5 19. b4 a6 20. a4 Nd6 21. b5 cxb5 22. axb5 a5 {and Black had advantage in the blitz game Giri,A (2714)-Ponomariov,R (2723) Beijing 2011.}) ({RR} 12. Rab1 Nb6 13. Bd3 Ng7 14. b4 a6 15. Na4 Nxa4 16. Qxa4 Bf5 17. Qc2 Bxd3 18. Qxd3 Nf5 19. a4 Nd6 20. a5 f6 21. Nd2 Rae8 22. Nb3 Kg7 23. Rbe1 f5 24. f4 Nc4 25. Nc5 Qf7 26. Qc3 Re7 {Georgiev,V (2430)-Danielian,O (2460) Vejen 1993 ½-½ (49)}) ({RR} 12. Bd3 Ndf6 13. Rfe1 Re8 14. Ne5 Ng4 15. Nf3 Ngf6 16. Ne5 Ng4 17. Nf3 {½-½ (17) Grischuk,A (2772)-Wang,H (2690) China 2017}) ({RR} 12. Rfe1 Ndf6 13. Nd2 Bf5 14. Qb3 Ng7 15. Na4 Ne6 16. Rac1 h5 17. Nc5 Nxc5 18. Rxc5 Kh7 19. Qa3 a5 20. Rec1 Qd8 21. Bd3 Bxd3 22. Qxd3 Re8 23. h3 Kg7 24. a4 Re7 25. Rb1 Nd7 26. Rcc1 Nb6 {Samadov,R (2513)-Lodici,L (2572) Goa IND 2025 0-1 (49)}) ({RR} 12. Rab1 Nb6 13. Bd3 Ng7 14. Rfe1 Bf5 15. h3 Rfe8 16. Ne5 f6 17. Nf3 Bxd3 18. Qxd3 Nf5 19. b4 a6 20. a4 Nd6 21. b5 cxb5 22. axb5 a5 23. Nd2 Qf7 24. Ra1 Rec8 25. e4 dxe4 26. Ndxe4 Nxe4 {Giri,A (2714)-Ponomariov,R (2723) Beijing 2011 0-1 (55)}) ({RR} 12. a3 Ndf6 13. Ne5 Bf5 14. Qd2 Ng7 15. g4 Be6 16. f4 Ne4 17. Nxe4 dxe4 18. Rac1 f6 19. Nc4 Qd7 20. Qd1 Bd5 21. Nd2 Rac8 22. Bc4 Rf7 23. Bxd5 cxd5 24. Qe2 h5 25. h3 hxg4 26. hxg4 Ne8 {Luckis,M-Guimard,C Sao Paulo 1941 0-1 (32)}) 12... Nb6 13. Qb3 Bf5 14. Rc1 {Radjabov's idea to provoke the bishop on f5 was to slow down Black's possible plan with the advance of the f-pawn.} Nf6 {Ponomariov rearranges his knights after which Black is very close to complete equality.} 15. a4 (15. Qa3 {was a move suggested after the game, but it is also not sufficient:} Qxa3 16. bxa3 Nc8 17. a4 a5 {and Black is fine.}) 15... Nc8 16. Qa3 a5 ({Slightly more precise is} 16... Qxa3 17. Rxa3 a5 $11 {(Radjabov)}) 17. Qxe7 Nxe7 18. b3 Nc8 19. Ne5 Nd7 20. Nxd7 Bxd7 21. Rab1 Nd6 22. b4 axb4 23. Rxb4 {Black has just one weakness on b7, which he easily protects.} Ra5 24. Rb6 Rfa8 25. f3 f5 26. Kf2 Kf7 27. Bd3 Ke7 28. h4 Be6 29. Rcb1 R8a7 30. Kg3 h6 31. Kf4 1/2-1/2

[Event "Vienna Millenium"]
[Site "Vienna"]
[Date "1996.08.15"]
[Round "7"]
[White "Jussupow, Artur"]
[Black "Kramnik, Vladimir"]
[Result "1/2-1/2"]
[WhiteElo "2665"]
[BlackElo "2765"]
[Annotator "Jussupow,Artur"]
[PlyCount "72"]
[EventDate "1996.08.09"]
[EventType "tourn"]
[EventRounds "9"]
[EventCountry "AUT"]
[EventCategory "18"]
[SourceTitle "CBM 055"]
[Source "ChessBase"]
[SourceDate "1996.12.01"]
[SourceVersion "1"]
[SourceVersionDate "1996.12.01"]
[SourceQuality "1"]

1. d4 {Hansen,LB} d5 2. c4 c6 3. Nf3 Nf6 4. Nc3 e6 5. Bg5 Nbd7 {Hansen,LB: Interesting! Usually Kramnik plays 5.-,dxc4.} 6. cxd5 {Hansen,LB: The Queens Gambit exchange variation is much more dangerous for Black with the white  on e2 instead of f3.} exd5 7. e3 Be7 8. Qc2 O-O 9. Bd3 Re8 10. O-O Nf8 11. Rae1 Ne4 (11... Ng4 {Hansen,LB} 12. Bxe7 Rxe7 13. b4 Qd6 14. b5 c5 $132 {Khalifman,A-Lputian,S/Erevan/1996/}) 12. Bxe7 (12. Bf4 {Hansen,LB} Bb4 13. h3 Ng6 14. Bh2 Nh4 15. Nxh4 Qxh4 16. f3 Ng5 $132 {Hjartarson,J-Sokolov,A/Reykjavik/1988/}) 12... Qxe7 13. Bxe4 dxe4 14. Nd2 f5 (14... b6 $5 {Hansen,LB} 15. Qa4 (15. Qxe4 Ba6 16. Qxe7 Rxe7 17. Ne2 Rd8 18. b3 Bxe2 19. Rxe2 Rxd4 $1 20. Nf3 Rd6 21. Rc2 c5 $15 {Netusil,M-Kacirek,P/Praha/1993/}) 15... a5 $5 16. Qxc6 Bb7 17. Qxb6 Ba6 18. Ndxe4 Bxf1 19. Rxf1 Qb4 20. Nd5 Qxb6 21. Nxb6 Ra6 22. Nd6 Re6 $13 {½-½/Arencibia,J-Garcia,Gi/Havanna/1995/}) 15. f3 exf3 16. Nxf3 Be6 17. e4 fxe4 18. Rxe4 h6 19. Rfe1 (19. Ne2 Qb4 $1 $10 20. a3 Qb3 21. Qd2 Bd5 22. Rxe8 Rxe8 23. Ne5 Ne6 24. Nc3 Qb6 25. Nxd5 cxd5 (25... Qxd4+ $1 26. Qxd4 Nxd4 $10) 26. Nf3 Nf8 27. Qf2 $6 (27. Rc1 $14) 27... Ng6 28. Nh4 Nxh4 $1 $10 {½-½ Timman,J-Yusupov,A/Tilburg (m8) 41/470 1986 (41)}) 19... Rad8 {Hansen,LB: Very cool! The pin on the e-file is not dangerous.} 20. h3 $5 $146 (20. Re5 Qf7 $10 21. b4 $2 {×c4, b4} (21. a3) (21. b3) 21... Nd7 22. Ra5 $2 (22. R5e3 $142) 22... Bg4 $15 {0-1 Hjartarson,J-Short,N/Dubai (ol) 42/523 1986 (32)}) (20. R1e3 Qf7 21. Ne5 (21. Qe2 Bc4 22. Qe1 Rxe4 23. Rxe4 Be6 24. h4 Re8 25. Ne5 Qf6 26. Qg3 Qd8 $15 {Semkov,S-Dokhoian,Y/Erevan/1988/}) 21... Qf5 22. Rg3 $2 (22. Rf3 $10) (22. Qe2 $10) 22... Rxd4 23. Ng4 Kh8 24. Nxh6 gxh6 25. Qc1 Qf6 {-+ Timman,J-Short,N/Amsterdam (Euwe Memorial) 45/(478) 1988} (25... Qf6 {Hansen,LB} 26. Ree3 Rf4 27. Ne2 Rf5 28. Ref3 Bd7 29. Nf4 Qd4+ 30. Kf1 Kh7 31. Rh3 Rc5 {0-1/Timman,J-Short,N/Amsterdam/1988/})) (20. Ne5 $5 Qg5 (20... Qb4 21. Qf2) (20... Bf5 $2 21. Nxc6) 21. Qf2 Ng6 22. Nf3 Qf6 $6 (22... Qf5 $1 $13) 23. Qe3 Bf7 24. Ne5 { 24...e5 25.de5 e6 26.a7  Germanavichus,Sh-Kruopis/USSR 43/(501) 1987}) 20... Qd6 (20... Qf7 21. Ne5 Qf5 22. Rf1 $36) 21. R1e3 Bf7 {Is this necessary? A solid alternative was 21.-,b8} (21... Re7 $14) (21... Qb8 $10 {Hansen,LB}) 22. Rxe8 Rxe8 23. Rxe8 Bxe8 24. Qb3+ $146 ({RR} 24. Qe4 Ne6 25. d5 cxd5 26. Qxd5 Qxd5 27. Nxd5 Nc5 28. Ne7+ Kf7 29. Nc8 a6 30. a3 Bd7 31. Nb6 Be8 32. Nc8 Bd7 33. Nd6+ Ke6 34. Nc4 Kd5 35. Nb6+ Kc6 36. Nxd7 Kxd7 37. Kf1 Nd3 38. b4 b5 {Rojas,L (2057)-Mejias Veliz,E (2060) Carabobo 2019 ½-½ (40)}) 24... Kh7 (24... Qe6 25. Qxb7 Qe3+ 26. Kh1 Qc1+ 27. Ng1 $16) 25. Qxb7 Bh5 26. Ne4 (26. Qa6 Bxf3 27. Qd3+ Ng6 28. Qxf3 Qxd4+ $14) 26... Qf4 (26... Qg6 27. Nfd2 $16) 27. Qxc6 {Hansen,LB: Safe, but after this Black is not in any danger.} (27. Ned2 $142 Bxf3 (27... Ne6 $13 {Hansen,LB}) 28. Nxf3 Qc1+ 29. Kh2 Ne6 30. Qd7 $16) 27... Bxf3 28. gxf3 Ng6 $132 (28... Qxf3 $4 {Hansen,LB} 29. Ng5+ $18) 29. Nf2 (29. Kf2 $5 $13) 29... Qxd4 30. Qc2 Qd5 31. f4 (31. Kg2 Qxa2 32. h4 Qd5 33. Nh3 Qe5 34. b4 a6 $1 $10) 31... Qf3 $1 (31... Qxa2 $6 {Hansen,LB} 32. f5 $36) 32. f5 Nf4 33. f6+ Kg8 $10 34. Qc4+ (34. Qb3+ $2 {Hansen,LB} Qxb3 35. axb3 gxf6 $17) 34... Kh7 35. Qc2+ (35. Qe4+ Qxe4 36. Nxe4 gxf6 $10) 35... Kg8 36. Qc4+ (36. Qc8+ Kh7 $10 (36... Kf7 37. Qd7+ Kxf6 38. Ng4+ Kg5 39. Qxg7+ Kh4 40. Qe7+ Kg3 41. Qe1+ Kxh3 42. Nf2+ Kg3 $10)) 36... Kh7 1/2-1/2